000 00386nam a2200181Ia 4500
100 _aFrenzel/Louis E
650 _aCommunication
250 _a3
942 _cBK
366 _f25
654 _acommunication
245 _aCommunication Electronics
260 _bTata Mc Graw hill Ltd.
_c2001
082 _a621.38
_bFRE
300 _a532
546 _aENGLISH
_cTTL
999 _c33662
_d33662